[Event "Mirandela op 3rd"]
[Site "Mirandela"]
[Date "2022.08.20"]
[Round "6"]
[White "Miranda Llanes, Yerisbel"]
[Black "Cafolla, Peter"]
[Result "1-0"]
[WhiteElo "2300"]
[BlackElo "1948"]
[PlyCount "65"]
[EventDate "2022.08.17"]
[EventType "swiss"]
[EventRounds "9"]
[EventCountry "POR"]
[SourceTitle "CBM 209 Extra"]
[Source "ChessBase"]
[SourceDate "2022.09.30"]
[SourceVersion "1"]
[SourceVersionDate "2022.09.30"]
[SourceQuality "1"]

1. d4 Nf6 2. c4 c5 3. d5 e6 4. Nc3 exd5 5. cxd5 d6 6. e4 g6 7. h3 Bg7 8. Nf3 0-0 9. Be3 Re8 10. Nd2 b6 11. Bb5 Re7 12. a4 Na6 13. 0-0 Nb4 14. Qb3 Bb7 15. Rfe1 a6 16. Bf1 Qe8 17. Nc4 Rd8 18. f3 Nh5 19. Nxb6 f5 20. Rad1 Bf6 21. Bf2 f4 22. Nc4 Kh8 23. Nxd6 Qg8 24. Bxc5 a5 25. Nxb7 Rxb7 26. Bf2 Qg7 27. Bb5 Be5 28. Nb1 Na6 29. Na3 Nf6 30. Nc4 Bb8 31. Nxa5 Ba7 32. Nxb7 Qxb7 33. Qc3 1-0

[Event "IRL-ch 101st"]
[Site "Dublin"]
[Date "2022.07.04"]
[Round "3"]
[White "Cafolla, Peter"]
[Black "Doyle, Anthony"]
[Result "1/2-1/2"]
[WhiteElo "1937"]
[BlackElo "2116"]
[PlyCount "56"]
[EventDate "2022.07.02"]
[EventType "swiss"]
[EventRounds "9"]
[EventCountry "IRL"]
[SourceTitle "CBM 209 Extra"]
[Source "ChessBase"]
[SourceDate "2022.09.30"]
[SourceVersion "1"]
[SourceVersionDate "2022.09.30"]
[SourceQuality "1"]

1. e4 e5 2. Nf3 Nc6 3. Bb5 a6 4. Ba4 Nf6 5. 0-0 Be7 6. Re1 b5 7. Bb3 d6 8. a4 Rb8 9. c3 0-0 10. h3 Na5 11. Bc2 c5 12. axb5 axb5 13. d4 cxd4 14. cxd4 Qc7 15. Nbd2 exd4 16. Nxd4 Nc6 17. N2f3 Nxd4 18. Nxd4 g6 19. Bg5 Kg7 20. Ra3 Bd7 21. Qd2 Ng8 22. Bxe7 Nxe7 23. b4 Ra8 24. Rea1 Rxa3 25. Rxa3 Rc8 26. Bd3 Qc1+ 27. Qxc1 Rxc1+ 28. Kh2 Rd1 1/2-1/2

[Event "Dublin Irish New Year GM"]
[Site "Dublin"]
[Date "2022.01.06"]
[Round "9"]
[White "Cafolla, Peter"]
[Black "Kanyamarala, Tarun"]
[Result "0-1"]
[WhiteElo "1976"]
[BlackElo "2398"]
[PlyCount "168"]
[EventDate "2022.01.02"]
[EventType "tourn"]
[EventRounds "9"]
[EventCountry "IRL"]
[EventCategory "5"]
[SourceTitle "EXT 2023"]
[Source "ChessBase"]
[SourceDate "2022.10.05"]
[SourceVersion "1"]
[SourceVersionDate "2022.10.05"]
[SourceQuality "1"]

1. e4 c5 2. Nf3 Nc6 3. d4 cxd4 4. Nxd4 Nf6 5. Nc3 d6 6. g3 g6 7. Bg2 Nxd4 8. Qxd4 Bg7 9. Nd5 0-0 10. c3 Be6 11. Qd1 Nd7 12. 0-0 Nb6 13. Re1 Rc8 14. Rb1 Nc4 15. Ne3 Qa5 16. a3 a6 17. Nxc4 Rxc4 18. Bf1 Rcc8 19. Be3 Rfd8 20. Bd4 Be5 21. Qd2 Bb3 22. Qe3 Rc6 23. Qg5 Qc7 24. Rbc1 Rc8 25. Qe3 Bxd4 26. Qxd4 e5 27. Qe3 Qa5 28. h4 Qb6 29. Qxb6 Rxb6 30. Re2 Kf8 31. Rd2 Ke7 32. Bd3 Rc5 33. Kf1 a5 34. Re1 Be6 35. Be2 Bh3+ 36. Kg1 Bd7 37. Kf1 Bc6 38. Bd3 Rb3 39. Ree2 Bd7 40. f3 Rc8 41. Ke1 Rb6 42. Kf2 h5 43. Ke1 Rc5 44. Re3 Rbc6 45. Kf2 Rc8 46. Ree2 Rf8 47. Ke1 f5 48. Rg2 Rf6 49. Rde2 Kf7 50. Kd2 f4 51. Ref2 Rc8 52. Be2 Rh8 53. Bc4+ Kg7 54. Rg1 Rhf8 55. Be2 fxg3 56. Rxg3 Rf4 57. Rfg2 R8f6 58. Rh2 Rf8 59. Rhg2 Be8 60. Rh2 Bf7 61. Rg1 d5 62. Ke3 Kf6 63. Bd3 Rg8 64. exd5 Bxd5 65. Be4 Bxe4 66. fxe4 Rd8 67. Rhg2 Rg8 68. Rh1 g5 69. hxg5+ Rxg5 70. Rxg5 Kxg5 71. b4 a4 72. Rg1+ Rg4 73. Rf1 Rg3+ 74. Kd2 h4 75. Rf7 b5 76. Rf5+ Kg4 77. Rf8 h3 78. Rh8 Kf3 79. c4 bxc4 80. b5 Kg2 81. b6 Rb3 82. Rg8+ Kf3 83. Rg6 h2 84. Rh6 Rxb6 0-1

[Event "Dublin Irish New Year GM"]
[Site "Dublin"]
[Date "2022.01.03"]
[Round "2"]
[White "Cafolla, Peter"]
[Black "Murphy, Conor"]
[Result "1-0"]
[WhiteElo "1976"]
[BlackElo "2431"]
[PlyCount "165"]
[EventDate "2022.01.02"]
[EventType "tourn"]
[EventRounds "9"]
[EventCountry "IRL"]
[EventCategory "5"]
[SourceTitle "EXT 2023"]
[Source "ChessBase"]
[SourceDate "2022.10.05"]
[SourceVersion "1"]
[SourceVersionDate "2022.10.05"]
[SourceQuality "1"]

1. d4 d5 2. c4 e6 3. Nc3 a6 4. cxd5 exd5 5. Qc2 Be6 6. Bf4 Bd6 7. Bxd6 Qxd6 8. Nf3 Nf6 9. e3 0-0 10. Bd3 h6 11. h3 Nbd7 12. 0-0 c6 13. Rfc1 Ne8 14. Na4 Qe7 15. Nc5 Nd6 16. a4 Rfd8 17. Qe2 Qf6 18. b4 Bf5 19. Nxd7 Rxd7 20. Ne5 Bxd3 21. Qxd3 Rdd8 22. Qe2 Re8 23. a5 Rad8 24. Qg4 g6 25. Nd7 Qe7 26. Nc5 Kg7 27. Rab1 h5 28. Qf3 Rc8 29. Rc2 Rh8 30. Re2 Rce8 31. Rbe1 f5 32. g3 g5 33. Qg2 Rh6 34. f3 Nb5 35. Qf2 Rf6 36. Kf1 Rf7 37. Kg2 Qf6 38. Rd2 Nd6 39. Rde2 Rfe7 40. Nd3 Nc4 41. f4 Nd6 42. fxg5 Qxg5 43. Qf4 Qxf4 44. gxf4 Kf6 45. Kf3 Rg8 46. Rg2 Rxg2 47. Kxg2 Rg7+ 48. Kh2 Nc4 49. Re2 h4 50. Ne5 Rg3 51. Nd7+ Ke7 52. Nc5 Rxe3 53. Rg2 Nd6 54. Rg7+ Ke8 55. Rh7 Ne4 56. Rxh4 Re2+ 57. Kg1 Nxc5 58. bxc5 Re4 59. Rh7 Rxf4 60. Rxb7 Rxd4 61. Rc7 Ra4 62. Rxc6 Rxa5 63. h4 Ra4 64. h5 Rh4 65. h6 d4 66. Rxa6 d3 67. Kf2 Kf7 68. Rd6 Kg8 69. Ke3 Rc4 70. c6 Rc1 71. Kd2 Rc5 72. Kxd3 Rc1 73. Rf6 Kh7 74. Kd4 f4 75. Kd5 Rd1+ 76. Ke6 Rc1 77. Kd7 Rd1+ 78. Kc8 Rc1 79. c7 Rc4 80. Kb7 Rb4+ 81. Kc6 Rc4+ 82. Kd7 Rd4+ 83. Rd6 1-0

[Event "Dublin Masters op"]
[Site "Dublin"]
[Date "2021.09.12"]
[Round "4"]
[White "Cafolla, Peter"]
[Black "Collins, Adam"]
[Result "0-1"]
[WhiteElo "1958"]
[BlackElo "1887"]
[PlyCount "104"]
[EventDate "2021.09.10"]
[EventType "swiss"]
[EventRounds "5"]
[EventCountry "IRL"]
[SourceTitle "CBM 204 Extra"]
[Source "ChessBase"]
[SourceDate "2021.11.30"]
[SourceVersion "1"]
[SourceVersionDate "2021.11.30"]
[SourceQuality "1"]

1. e4 c6 2. c4 d5 3. exd5 cxd5 4. cxd5 Nf6 5. Bb5+ Nbd7 6. Nc3 g6 7. d4 Bg7 8. d6 exd6 9. Qe2+ Qe7 10. Bf4 Qxe2+ 11. Ngxe2 d5 12. Bd6 a6 13. Bd3 Nb6 14. b3 Be6 15. Rc1 Bf8 16. Bxf8 Kxf8 17. 0-0 Kg7 18. Nf4 Bd7 19. Rfe1 Rhe8 20. Kf1 Bc6 21. a4 Rad8 22. Rxe8 Rxe8 23. Re1 Kf8 24. h4 Rxe1+ 25. Kxe1 Ke7 26. f3 h5 27. Be2 Bd7 28. Nd3 Nc8 29. Nc5 Bc6 30. Nd1 Nd6 31. Ne3 a5 32. Kd2 Nfe8 33. Bd1 Ng7 34. Bc2 b6 35. Nd3 Ngf5 36. Nxf5+ Nxf5 37. Ne5 Nxd4 38. Nxc6+ Nxc6 39. Ke3 Kd6 40. Kf4 Nd4 41. Bd1 Ne6+ 42. Ke3 Kc5 43. g4 f5 44. gxf5 gxf5 45. Bc2 d4+ 46. Kd2 Nf4 47. Bxf5 Kb4 48. Bc2 Ka3 49. Bd1 Ka2 50. Kc2 d3+ 51. Kc1 Ka3 52. Kd2 Kb2 0-1

[Event "Bunratty Online"]
[Site "Chess.com INT"]
[Date "2021.02.20"]
[Round "2"]
[White "Kanyamarala, Trisha"]
[Black "Cafolla, Peter"]
[Result "1-0"]
[WhiteElo "2180"]
[BlackElo "1958"]
[PlyCount "41"]
[EventDate "2021.02.20"]
[EventType "swiss (blitz)"]
[EventRounds "9"]
[EventCountry "IRL"]
[SourceTitle "CBM 200 Extra"]
[Source "ChessBase"]
[SourceDate "2021.03.31"]
[SourceVersion "1"]
[SourceVersionDate "2021.03.31"]
[SourceQuality "1"]

1. d4 d5 2. c4 e6 3. Nc3 c5 4. cxd5 exd5 5. Nf3 Nc6 6. g3 Nf6 7. Bg2 Be7 8. 0-0 0-0 9. b3 Ne4 10. Bb2 f5 11. dxc5 Bf6 12. Rc1 d4 13. Nb5 Nxc5 14. Rxc5 Qb6 15. Qc1 Be7 16. Rxc6 bxc6 17. Nbxd4 Bb7 18. Qc4+ Kh8 19. Ne5 h6 20. Ng6+ Kh7 21. Nxe7 1-0

[Event "IRL-ch"]
[Site "Dublin"]
[Date "2019.08.09"]
[Round "7"]
[White "Harding, Timothy David"]
[Black "Cafolla, Peter"]
[Result "1-0"]
[WhiteElo "2028"]
[BlackElo "1975"]
[PlyCount "75"]
[EventDate "2019.08.03"]
[EventType "swiss"]
[EventRounds "9"]
[EventCountry "IRL"]
[SourceTitle "CBM 191 Extra"]
[Source "ChessBase"]
[SourceDate "2019.09.30"]
[SourceVersion "1"]
[SourceVersionDate "2019.09.30"]
[SourceQuality "1"]

1. Nf3 c5 2. c4 e6 3. e3 d5 4. d4 Nc6 5. a3 Nf6 6. dxc5 Bxc5 7. b4 Bd6 8. Bb2 0-0 9. Nbd2 Re8 10. Bd3 Bd7 11. 0-0 Qe7 12. e4 dxe4 13. Nxe4 Nxe4 14. Bxe4 f5 15. Bd3 Rad8 16. c5 Bc7 17. Qc2 Qf8 18. Rfe1 a6 19. Rad1 Kh8 20. Bc4 Qf7 21. Rd3 Re7 22. Qd2 Bc8 23. Rxd8+ Bxd8 24. Re3 Re8 25. a4 Bf6 26. b5 Rd8 27. Rd3 Rxd3 28. Bxd3 axb5 29. axb5 Bxb2 30. Qxb2 Qd7 31. Bf1 Nd8 32. Qe5 Nf7 33. Qb8 g5 34. h4 gxh4 35. Nxh4 Qd8 36. Nf3 Kg7 37. Ne5 Bd7 38. Qxd8 1-0

[Event "IRL-ch"]
[Site "Dublin"]
[Date "2019.08.03"]
[Round "1"]
[White "Kanyamarala, Trisha"]
[Black "Cafolla, Peter"]
[Result "1-0"]
[WhiteElo "2238"]
[BlackElo "1975"]
[PlyCount "57"]
[EventDate "2019.08.03"]
[EventType "swiss"]
[EventRounds "9"]
[EventCountry "IRL"]
[SourceTitle "CBM 191 Extra"]
[Source "ChessBase"]
[SourceDate "2019.09.30"]
[SourceVersion "1"]
[SourceVersionDate "2019.09.30"]
[SourceQuality "1"]

1. d4 d5 2. c4 e6 3. Nf3 c5 4. cxd5 exd5 5. Nc3 Nc6 6. g3 Nf6 7. Bg2 Be7 8. 0-0 0-0 9. dxc5 Bxc5 10. Na4 Be7 11. Be3 Bg4 12. Rc1 Rc8 13. Nc5 Bxf3 14. Bxf3 b6 15. Nd3 Qd7 16. Nf4 Rfd8 17. Qb3 Na5 18. Qd3 Bc5 19. Rfd1 Bxe3 20. Qxe3 Rxc1 21. Qxc1 Rc8 22. Qe3 Qa4 23. b3 Qxa2 24. Nxd5 Nxd5 25. Bxd5 Qa3 26. Qf4 Qf8 27. Qf5 Rb8 28. Qd7 a6 29. Qc7 1-0

[Event "Dublin Irish op"]
[Site "Dublin"]
[Date "2019.04.20"]
[Round "6"]
[White "Cafolla, Peter"]
[Black "Putar, Leon"]
[Result "0-1"]
[WhiteElo "1949"]
[BlackElo "1549"]
[PlyCount "74"]
[EventDate "2019.04.17"]
[EventType "swiss"]
[EventRounds "9"]
[EventCountry "IRL"]
[SourceTitle "CBM 189 Extra"]
[Source "ChessBase"]
[SourceDate "2019.06.03"]
[SourceVersion "1"]
[SourceVersionDate "2019.06.03"]
[SourceQuality "1"]

1. d4 Nf6 2. c4 g6 3. Nc3 d5 4. Bg5 c6 5. Bxf6 exf6 6. cxd5 cxd5 7. e3 Bg7 8. Qb3 Be6 9. Qxb7 Nd7 10. Bb5 0-0 11. Bxd7 Rb8 12. Qc6 Bxd7 13. Qxd5 Rxb2 14. Nge2 Qe7 15. 0-0 Be6 16. Qa5 Bc4 17. Rfe1 Rc8 18. Rac1 Bh6 19. Ng3 f5 20. Rcd1 Qd6 21. Qxa7 f4 22. Nge4 Qb4 23. a3 Qb3 24. Qa4 Qb8 25. Nc5 fxe3 26. fxe3 Bb3 27. Nxb3 Rxc3 28. Nc5 Rxe3 29. Qc6 Bf4 30. Rxe3 Bxe3+ 31. Kh1 Bxd4 32. Qd5 Rd2 33. Rf1 Qf4 34. Rb1 Be5 35. Qa8+ Kg7 36. g3 Rxh2+ 37. Kxh2 Qxg3+ 0-1

[Event "Dublin Irish op"]
[Site "Dublin"]
[Date "2019.04.18"]
[Round "3"]
[White "Li, Henry"]
[Black "Cafolla, Peter"]
[Result "1-0"]
[WhiteElo "2308"]
[BlackElo "1949"]
[PlyCount "57"]
[EventDate "2019.04.17"]
[EventType "swiss"]
[EventRounds "9"]
[EventCountry "IRL"]
[SourceTitle "CBM 189 Extra"]
[Source "ChessBase"]
[SourceDate "2019.06.03"]
[SourceVersion "1"]
[SourceVersionDate "2019.06.03"]
[SourceQuality "1"]

1. e4 c5 2. Nc3 Nc6 3. Bb5 e5 4. Bxc6 dxc6 5. f4 exf4 6. Nf3 Nf6 7. d3 Be7 8. Bxf4 0-0 9. 0-0 b5 10. Qe2 Bb7 11. a4 a6 12. b3 Re8 13. Kh1 Qd7 14. Nd1 Rad8 15. Ne3 Nh5 16. Bg5 f6 17. Bh4 Nf4 18. Qf2 Bd6 19. e5 Rxe5 20. Nxe5 Bxe5 21. Rae1 Nd5 22. Nf5 Bc3 23. Re4 g6 24. Ne3 Bd4 25. Nxd5 cxd5 26. Rxd4 cxd4 27. Qxf6 Rc8 28. Bg3 Qg7 29. Qe6+ 1-0

[Event "St Andrew's Masters"]
[Site "Dublin"]
[Date "2018.09.23"]
[Round "6.3"]
[White "Flynn, Jacob"]
[Black "Cafolla, Peter"]
[Result "1/2-1/2"]
[WhiteElo "1928"]
[BlackElo "1991"]
[PlyCount "36"]
[EventDate "2018.09.21"]
[EventType "tourn"]
[EventRounds "5"]
[EventCountry "IRL"]
[SourceTitle "EXT 2023"]
[Source "ChessBase"]
[SourceDate "2022.10.05"]
[SourceVersion "1"]
[SourceVersionDate "2022.10.05"]
[SourceQuality "1"]

1. d4 d5 2. c4 e6 3. Nc3 c5 4. cxd5 exd5 5. Nf3 Nc6 6. g3 Nf6 7. Bg2 Be7 8. 0-0 0-0 9. Bg5 c4 10. Ne5 Be6 11. Nxc6 bxc6 12. e4 Nxe4 13. Bxe7 Nxc3 14. Bxd8 Nxd1 15. Be7 Nxb2 16. Bxf8 Kxf8 17. Rac1 Bf5 18. Rc3 a5 1/2-1/2

[Event "IRL-ch"]
[Site "Dublin"]
[Date "2018.08.09"]
[Round "6"]
[White "Cafolla, Peter"]
[Black "Fox, Anthony"]
[Result "1/2-1/2"]
[WhiteElo "1955"]
[BlackElo "2046"]
[PlyCount "71"]
[EventDate "2018.08.04"]
[EventType "swiss"]
[EventRounds "9"]
[EventCountry "IRL"]
[SourceTitle "CBM 185 Extra"]
[Source "ChessBase"]
[SourceDate "2018.07.29"]
[SourceVersion "1"]
[SourceVersionDate "2018.07.29"]
[SourceQuality "1"]

1. e4 e5 2. Nc3 Nf6 3. Bc4 Nc6 4. d3 Bb4 5. Nge2 d5 6. exd5 Nxd5 7. a3 Bxc3+ 8. Nxc3 Nxc3 9. bxc3 0-0 10. Qh5 Qf6 11. Rb1 Re8 12. 0-0 Qg6 13. Qxg6 hxg6 14. f4 Na5 15. Ba2 e4 16. Re1 Bf5 17. d4 c6 18. c4 b6 19. Bd2 Nb7 20. c5 b5 21. Rb2 a6 22. Kf2 Rad8 23. Bc3 Rc8 24. h3 Bd7 25. Re3 Kf8 26. a4 Nd8 27. axb5 axb5 28. d5 cxd5 29. Bxd5 Bc6 30. Bxc6 Nxc6 31. Rxb5 Rc7 32. Bb2 f6 33. Reb3 Ree7 34. g4 Kf7 35. Bc3 Red7 36. Ke3 1/2-1/2